| 000 | 00343nam a2200109 4500 | ||
|---|---|---|---|
| 999 |
_c15129 _d15129 |
||
| 008 | 200305b ||||| |||| 00| 0 eng d | ||
| 245 | _aMG now officially distributed by The Covenant Car Company, Inc. | ||
| 260 |
_aPhilippines; _bThe Philippine Star, _c©2019. |
||
| 300 |
_apage C2; _c29.5cm. |
||
| 650 |
_aAutomobiles. _941871 |
||
| 942 |
_2ddc _cPER |
||